00948 2200301 4500001002100000005001500021035002500036008004100061020002200102040001700124082001200141084001400153100002800167245017000195250001100365260003100376300004200407650001700449700002500466850001200491007000300503090001800506090002200524504003400546999002200580990002200602990002200624INLIS00000000000603220200528064711 a0010-061500000000153150604s2014 yoia g ind d a978-602-1500-27-9 aYOPDYOGbind04222a345 a345 IMR k0 aImron Anwari, HMd1945-00aKedudukan hukum korban kejahatan dalam sistem peradilan pidana Indonesia melalui putusan-putusan pengadilan pidana /cH.M. Imron Anwari ; editor Pujiastuti Handayani aCet. 13 aYogyakarta :bGenta,c2014 axi, 212 halaman :bilustrasi ;c24 cm 4aHukum pidana0 aPujiastuti Handayani aYOPDYOGta aDEP 345 IMR k aCB-D.11 2014-1360 aBibliografi : halaman 199-208 aCB-D.11/2014-1360 aCB-D.11/2014-1360 aCB-D.11/2014-1360